| 000 | 02010cam a22005894i 4500 | ||
|---|---|---|---|
| 003 | PE-LiUPU | ||
| 005 | 20250731170500.0 | ||
| 008 | 150616s1989 pe rb 000 0 spa d | ||
| 035 | _a(Sirsi) a9083 | ||
| 040 |
_aPE-LiUPU _bspa _cPE-LiUPU _erda |
||
| 049 | _aPRUA | ||
| 082 | 0 | 4 |
_a155.42 _bC28 _221 |
| 100 | 1 |
_aCastillo Navarro, Roger Felix, _eautor. |
|
| 245 | 1 | 0 |
_aProblemas de Conducta Infantil-Adolescencia en Riesgo y Alto Riesgo Tratamiento y Guía Diagnóstica / _cRoger Felix Castillo Navarro. |
| 264 | 1 |
_aLima : _bConcytec, _c1989. |
|
| 300 |
_a99 páginas ; _c20 centímetros |
||
| 336 |
_atext _2rdacontent |
||
| 337 |
_aunmediated _2rdamedia |
||
| 338 |
_avolume _2rdacarrier |
||
| 504 | _aBibliografía: páginas 97. | ||
| 505 | 0 | _aBreve reseña histórica del hogar transitorio de Menores No. 1 San Miguel -- Cómo tratar la problemática del menor y la familia -- Nuevas categorías específicas para desórdenes de la infancia y la adolescencia. | |
| 526 | _aSEG68 | ||
| 526 | _aSEG70 | ||
| 526 | _aSEG69 | ||
| 526 | _aSEG67 | ||
| 526 | _aSEG43 | ||
| 526 | _aP144 | ||
| 526 | _aP143 | ||
| 526 | _aP131 | ||
| 526 | _aP122 | ||
| 526 | _aP120 | ||
| 526 | _aP117 | ||
| 526 | _aP112 | ||
| 526 | _aP110 | ||
| 526 | _aP106 | ||
| 526 | _aP101 | ||
| 526 | _aP80 | ||
| 526 | _aP59 | ||
| 526 | _aP54 | ||
| 526 | _aP35 | ||
| 526 | _aP33 | ||
| 526 | _aP30 | ||
| 650 | 0 | 4 | _aConducta Infantil. |
| 910 |
_ajck _bjvq _cjck |
||
| 910 |
_bksl _cksl _d20190523 |
||
| 942 |
_2ddc _cBOOK |
||
| 949 |
_a155.42 C28 _wDEWEY _c1 _i42663 _lCCODEBUL1 _mBUL _p10.00 _r0 _sY _tBOOK _u19970223 _xEDUCACION _PP20 _0COMPRA _o.STAFF. Colección Ciencias Humanas y Educación |
||
| 994 |
_aC0 _bPEPRU |
||
| 596 | _a1 | ||
| 999 |
_a155.42 C28 _wDEWEY _c60498 _i42663 _d60498 _e2017-1-25 _f2021-11-8 _g6 _lCCODEBUL1 _mBUL _n1 _p10.00 _r0 _sY _tBOOK _u2015-6-16 _xEDUCACION _PP20 _0COMPRA _o.STAFF. Colección Ciencias Humanas y Educación |
||
| 980 |
_81 _gALBERTO SANCHEZ Responsable de Automatización |
||